| 000 | 00511nam a22001697a 4500 | ||
|---|---|---|---|
| 005 | 20251108172912.0 | ||
| 008 | 250721s2004 xx 000 0 ara d | ||
| 082 | 1 | 4 | _a218.9/ عبد |
| 100 | 1 | _aعبد الخالق، عبد الرحمن | |
| 245 | 1 | 0 | _aالحقيقة الصوفية / |
| 264 | 1 |
_aالكويت : _bبيت المقدس للنشر و التوزيع، _c2004. |
|
| 300 | _a153ص. | ||
| 650 | 1 | 7 | _aالصوفية |
| 650 | 1 | 7 | _aالتصوف الإسلامي |
| 942 |
_2ddc _cBK |
||
| 999 |
_c91366 _d91366 |
||